<?xml version="1.0" encoding="UTF-8"?>
<marc:record xmlns:marc="http://www.loc.gov/MARC21/slim">
   <marc:leader>00000nam a2200000 a 4500</marc:leader>
   <marc:datafield ind1="1" ind2=" " tag="100">
      <marc:subfield code="a">Teige, Trude</marc:subfield>
      <marc:subfield code="4">aut</marc:subfield>
      <marc:subfield code="e">Verfasser/-in</marc:subfield>
   </marc:datafield>
   <marc:datafield ind1="1" ind2=" " tag="100">
      <marc:subfield code="a">Frauenlob, Günther</marc:subfield>
      <marc:subfield code="4">trl</marc:subfield>
      <marc:subfield code="e">Übersetzer/-in</marc:subfield>
   </marc:datafield>
   <marc:datafield ind1="0" ind2="0" tag="245">
      <marc:subfield code="a">Der Gesang der See</marc:subfield>
   </marc:datafield>
   <marc:datafield ind1="0" ind2="0" tag="245">
      <marc:subfield code="b">Roman</marc:subfield>
   </marc:datafield>
   <marc:datafield ind1="0" ind2="0" tag="245">
      <marc:subfield code="c">Trude Teige. Aus dem Norweg. von Günther Frauenlob</marc:subfield>
   </marc:datafield>
   <marc:datafield ind1=" " ind2="1" tag="264">
      <marc:subfield code="a">Frankfurt am Main</marc:subfield>
      <marc:subfield code="b">Fischer</marc:subfield>
      <marc:subfield code="c">2026</marc:subfield>
   </marc:datafield>
   <marc:datafield ind1="1" ind2=" " tag="520">
      <marc:subfield code="a">Kristiane ist die Tochter eines Schiffslotsen an der Westküste Norwegens. Als er stirbt, verspricht sie ihm, das Lotsenamt in der Familie zu behalten. Doch sie verliert ihren Mann hochschwanger durch eine Sturmflut und als reiner Frauenhaushalt mit Mutter und Schwester muss sie die Lotsennummer abgeben. Ihr wird jedoch eine Frist eingeräumt, bis zu der sie mit einem Lotsen verheiratet sein muss. In Lars, einem Freund aus Kindertagen, findet sie den perfekten Mann. Gemeinsam mit ihm baut sie das Lotsengeschäft aus, handelt faire Preise für den Fischverkauf aus und hilft darüber hinaus noch benachteiligten Menschen. Daneben aber entwickelt sie auch eine leidenschaftliche Zuneigung zum Sohn des Fischgroßhändlers und muss sich entscheiden, wie und mit wem sie ihr Leben verbringen möchte.</marc:subfield>
   </marc:datafield>
   <marc:datafield ind1=" " ind2=" " tag="020">
      <marc:subfield code="a">9783949465277</marc:subfield>
      <marc:subfield code="9">9783949465277</marc:subfield>
   </marc:datafield>
   <marc:datafield ind1=" " ind2=" " tag="041">
      <marc:subfield code="a">ger</marc:subfield>
   </marc:datafield>
   <marc:datafield ind1="1" ind2=" " tag="521">
      <marc:subfield code="a">0</marc:subfield>
   </marc:datafield>
   <marc:datafield ind1=" " ind2=" " tag="300">
      <marc:subfield code="a">253 S.</marc:subfield>
   </marc:datafield>
</marc:record>
